Name Mariah Carey's #1 Singles - Statistics

General Stats
  • This quiz has been taken 965 times
  • The average score is 12 of 18
Answer Stats
Hint Answer % Correct
1990 Vision Of Love
83%
2003 We Belong Together
83%
1991 Emotions
80%
1994 Fantasy
80%
1993 Hero
79%
1996 Honey
75%
1995 Always Be My Baby
73%
1999 Heartbreaker
72%
1997 My All
69%
1992 Dreamlover
68%
1995 One Sweet Day
68%
2006 Touch My Body
68%
1990 Love Takes Time
60%
1990 Someday
59%
1992 I'll Be There
57%
2005 Don't Forget About Us
50%
1990 I Don't Wanna Cry
47%
1999 Thank God I Found You
46%
No matching quizzes found
Score Distribution
Percent of People with Each Score
Percentile by Number Answered
Your Score History
You have not taken this quiz